Follow That Lyric: The Phantom of the Opera Quiz Stats

 Plays Quiz Updated Feb 6, 2015

Challenge
Share
Tweet
Embed
Score 0/20 Timer 07:00
0 Plays Today
% Correct
Denied me and betrayed me
83.7%
That voice which calls to me and speaks my name
83.5%
Haha, Haha
83.5%
Silently the senses abandon their defenses
81.6%
When we've said goodbye
80.8%
Stories like this can't come true
80.1%
Stop and think of me
78.7%
Who hunts to kill
78.6%
Grant to me your Glory
78.5%
Is this what you wanted to see?
77.5%
% Correct
Which makes my casting, in a word, ideal
77.2%
Your devotees are on their knees to implore you
76.3%
The Phantom of the Opera is there inside your mind
75.8%
The curtain falls, his reign will end
75.7%
What sweet seduction lies before us?
74.9%
To the power of the music that I write
73%
The games we've played till now are at an end
71.2%
Turn my head with talk of summertime
70.5%
Let me lead you from your solitude
67.1%
Help me say 'goodbye'
64%

You're not logged in!

Compare scores with friends on all Sporcle quizzes.
Join for Free
OR
Log In

You Might Also Like...

Show Comments

Extras

Top Quizzes Today


Score Distribution

Your Account Isn't Verified!

In order to create a playlist on Sporcle, you need to verify the email address you used during registration. Go to your Sporcle Settings to finish the process.

Report this User

Report this user for behavior that violates our Community Guidelines.

Details: